[Event "GER-chT U20 Girls"]
[Site "Osnabrueck"]
[Date "2013.12.28"]
[Round "3.4"]
[White "Kluge, Helene"]
[Black "Schirrmeister, Laura"]
[Result "1-0"]
[WhiteElo "1018"]
[BlackElo "992"]
[PlyCount "95"]
[EventDate "2013.12.27"]
[EventType "team-swiss"]
[EventRounds "7"]
[EventCountry "GER"]
[SourceTitle "EXT 2015"]
[Source "ChessBase"]
[SourceDate "2014.11.20"]
[SourceVersion "1"]
[SourceVersionDate "2014.11.20"]
[SourceQuality "1"]
[WhiteTeam "Weissensee Chemie"]
[BlackTeam "Burgtonna"]
[WhiteTeamCountry "GER"]
[BlackTeamCountry "GER"]

1. e4 d6 2. d4 Nf6 3. Bd3 g6 4. f4 Bg7 5. Nf3 0-0 6. 0-0 Nbd7 7. Nc3 c5 8. Be3 Ne8 9. e5 cxd4 10. Bxd4 dxe5 11. fxe5 e6 12. Re1 a6 13. Kh1 Rb8 14. a3 b5 15. b4 Qc7 16. Qd2 Bb7 17. Qe2 Bxf3 18. gxf3 f6 19. f4 fxe5 20. fxe5 Qc6+ 21. Be4 Qc4 22. Qxc4 bxc4 23. Bc6 Rd8 24. Bb7 Rf5 25. Bxa6 Nxe5 26. Bxc4 Nxc4 27. Bxg7 Nxg7 28. a4 Kf8 29. a5 Ra8 30. a6 Nb6 31. Ne4 Ke7 32. Nc5 Rd8 33. a7 Na8 34. Ne4 Rc8 35. c3 Nh5 36. Rec1 Nb6 37. Ra6 Na8 38. Nd6 Rff8 39. Nxc8+ Rxc8 40. b5 Nc7 41. Ra5 Nxb5 42. a8Q Rxa8 43. Rxa8 e5 44. c4 Nd4 45. c5 e4 46. c6 Nxc6 47. Rxc6 e3 48. Ra7+ 1-0

[Event "GER-ch U25 op-B"]
[Site "Oberhof"]
[Date "2013.05.25"]
[Round "9"]
[White "Kluge, Helene"]
[Black "Schenk, Philipp"]
[Result "0-1"]
[WhiteElo "1020"]
[BlackElo "1213"]
[PlyCount "72"]
[EventDate "2013.05.19"]
[EventType "swiss"]
[EventRounds "9"]
[EventCountry "GER"]
[SourceTitle "CBM 154 Extra"]
[Source "ChessBase"]
[SourceDate "2013.06.25"]
[SourceVersion "2"]
[SourceVersionDate "2013.06.25"]
[SourceQuality "1"]

1. d4 d5 2. f4 Bf5 3. e3 e6 4. Nf3 Nd7 5. Nbd2 Ngf6 6. Ne5 Nxe5 7. fxe5 Ne4 8. Bd3 Qg5 9. Qe2 Be7 10. Nf3 Qh6 11. Bd2 Ng3 12. hxg3 Qxh1+ 13. Qf1 Qxf1+ 14. Kxf1 Bxd3+ 15. cxd3 f6 16. Ke2 0-0 17. Rh1 Rac8 18. e4 c5 19. Be3 dxe4 20. dxe4 c4 21. a3 fxe5 22. Nxe5 c3 23. bxc3 Rxc3 24. a4 Rc2+ 25. Bd2 Ra2 26. a5 Bb4 27. Nc4 Rc8 28. Kd3 Bxd2 29. Nxd2 Rxa5 30. Nc4 Ra4 31. Rc1 b5 32. Nb6 Ra3+ 33. Kd2 Rxc1 34. Kxc1 axb6 35. g4 Ra2 36. g3 Rg2 0-1

[Event "GER-ch U25 op-B"]
[Site "Oberhof"]
[Date "2013.05.20"]
[Round "3"]
[White "Lorf, Yannick"]
[Black "Kluge, Helene"]
[Result "0-1"]
[WhiteElo "913"]
[BlackElo "1020"]
[PlyCount "54"]
[EventDate "2013.05.19"]
[EventType "swiss"]
[EventRounds "9"]
[EventCountry "GER"]
[SourceTitle "CBM 154 Extra"]
[Source "ChessBase"]
[SourceDate "2013.06.25"]
[SourceVersion "2"]
[SourceVersionDate "2013.06.25"]
[SourceQuality "1"]

1. c4 e5 2. Nc3 Nf6 3. d3 d5 4. b3 d4 5. Na4 Nc6 6. g3 b6 7. Bg2 Bb7 8. Nf3 Qe7 9. 0-0 0-0-0 10. Bg5 h6 11. Bd2 g5 12. Rc1 Nh7 13. e3 f5 14. Re1 e4 15. Nxd4 Nxd4 16. Bc3 Bg7 17. Bxd4 Bxd4 18. exd4 Rxd4 19. c5 Qf6 20. Rc3 Rxa4 21. bxa4 Qxc3 22. cxb6 axb6 23. dxe4 fxe4 24. Bxe4 Nf6 25. Bf5+ Kb8 26. Re3 Qc6 27. Re6 Qg2# 0-1

[Event "GER-ch U25 op-B"]
[Site "Oberhof"]
[Date "2012.06.02"]
[Round "9"]
[White "Lohrmann, Linus"]
[Black "Kluge, Helene"]
[Result "0-1"]
[WhiteElo "824"]
[BlackElo "827"]
[PlyCount "52"]
[EventDate "2012.05.27"]
[EventType "swiss"]
[EventRounds "9"]
[EventCountry "GER"]
[SourceTitle "CBM 148 Extra"]
[Source "ChessBase"]
[SourceDate "2012.06.22"]
[SourceVersion "1"]
[SourceVersionDate "2012.06.22"]
[SourceQuality "1"]

1. d4 d5 2. Nf3 Nf6 3. Bg5 h6 4. Bh4 Nc6 5. Nc3 b6 6. Bxf6 exf6 7. Nxd5 Qxd5 8. Qd3 Bb7 9. Qe3+ Be7 10. 0-0-0 0-0-0 11. Qf4 Kb8 12. e4 Qxa2 13. Kd2 Qxb2 14. Qg4 g5 15. Bd3 Nxd4 16. Rb1 Nxf3+ 17. Qxf3 Qd4 18. Qe3 Qe5 19. Qg3 Qxe4 20. Qf3 Qxf3 21. gxf3 Bxf3 22. Rhg1 Bc5 23. Rgf1 Bd6 24. Be2 Bxh2+ 25. Ke1 Rhe8 26. Rd1 Rxe2# 0-1

[Event "GER-ch U25 op-B"]
[Site "Oberhof"]
[Date "2012.05.27"]
[Round "2"]
[White "Kluge, Helene"]
[Black "Dathe, Frederick"]
[Result "1-0"]
[WhiteElo "827"]
[BlackElo "1036"]
[PlyCount "77"]
[EventDate "2012.05.27"]
[EventType "swiss"]
[EventRounds "9"]
[EventCountry "GER"]
[SourceTitle "CBM 148 Extra"]
[Source "ChessBase"]
[SourceDate "2012.06.22"]
[SourceVersion "1"]
[SourceVersionDate "2012.06.22"]
[SourceQuality "1"]

1. e4 c5 2. Nf3 d6 3. d4 cxd4 4. Nxd4 Nf6 5. Nc3 g6 6. Bc4 Bg7 7. Be3 0-0 8. Qd2 Bg4 9. h3 Bd7 10. 0-0-0 Nc6 11. f3 a6 12. a3 b5 13. Bb3 b4 14. axb4 Nxb4 15. Bh6 a5 16. Bxg7 Kxg7 17. Rhe1 a4 18. Bd5 Nbxd5 19. Nxd5 Nxd5 20. exd5 Qb8 21. Qc3 Rc8 22. Nc6+ f6 23. Nxb8 Rxc3 24. bxc3 Rxb8 25. Rxe7+ Kh6 26. Rxd7 Ra8 27. Kd2 Ra6 28. Ra1 a3 29. Rb7 Ra5 30. c4 Ra4 31. Kd3 g5 32. Rb3 Kh5 33. Rbxa3 Rb4 34. Rb3 Rxb3+ 35. cxb3 Kh4 36. b4 Kg3 37. Ra2 h5 38. b5 f5 39. b6 1-0